<?xml version="1.0" encoding="UTF-8"?>
<collection xmlns="http://www.loc.gov/MARC21/slim">
 <record>
  <leader>00976nam a22002535a 4500</leader>
  <controlfield tag="001">CEM.cems017955</controlfield>
  <controlfield tag="005">20130228090229.0</controlfield>
  <controlfield tag="008">130507s1998##################000#0#####d</controlfield>
  <controlfield tag="003">CEMS</controlfield>
  <datafield tag="020" ind1=" " ind2=" ">
   <subfield code="a">9505345070</subfield>
  </datafield>
  <datafield tag="082" ind1="0" ind2="4">
   <subfield code="a">918.2</subfield>
  </datafield>
  <datafield tag="100" ind1="1" ind2=" ">
   <subfield code="a">Louro, Nilda</subfield>
  </datafield>
  <datafield tag="245" ind1="1" ind2="0">
   <subfield code="a">Geografía 9 :</subfield>
   <subfield code="b">argentina en el mundo /</subfield>
   <subfield code="c">Nilda Louro y María Julia Loray</subfield>
  </datafield>
  <datafield tag="260" ind1=" " ind2=" ">
   <subfield code="a">Buenos Aires :</subfield>
   <subfield code="b">A-z,</subfield>
   <subfield code="c">1998</subfield>
  </datafield>
  <datafield tag="300" ind1=" " ind2=" ">
   <subfield code="a">117 p.</subfield>
  </datafield>
  <datafield tag="490" ind1="0" ind2=" ">
   <subfield code="a">Ciencias Sociales</subfield>
  </datafield>
  <datafield tag="500" ind1=" " ind2=" ">
   <subfield code="a">Para 3er. Ciclo Egb</subfield>
  </datafield>
  <datafield tag="505" ind1="0" ind2=" ">
   <subfield code="a">El espacio geográfico argentino -- ¿Quénes ocupan el espacio geográfico? -- ¿Qué actividades se desarrollan en el espacio geográfico? -- ¿Cómo se reestructuran el transporte y las comunicaciones? -- ¿Cómo se construye el espacio geográfico?</subfield>
  </datafield>
  <datafield tag="653" ind1=" " ind2=" ">
   <subfield code="a">Ciencias sociales</subfield>
  </datafield>
  <datafield tag="653" ind1=" " ind2=" ">
   <subfield code="a">Ciencias sociales-9 egb</subfield>
  </datafield>
  <datafield tag="653" ind1=" " ind2=" ">
   <subfield code="a">Geografía</subfield>
  </datafield>
  <datafield tag="653" ind1=" " ind2=" ">
   <subfield code="a">Geografía-9 egb</subfield>
  </datafield>
  <datafield tag="700" ind1="1" ind2=" ">
   <subfield code="a">Loray, María Julia</subfield>
  </datafield>
  <datafield tag="859" ind1=" " ind2=" ">
   <subfield code="a">CEMS</subfield>
   <subfield code="b">BIB. CEMS - Agricultura</subfield>
   <subfield code="h">918.2</subfield>
   <subfield code="i">L934</subfield>
   <subfield code="p">A1770.12</subfield>
   <subfield code="t">Ej.1</subfield>
   <subfield code="v">9</subfield>
   <subfield code="3">9</subfield>
  </datafield>
 </record>
</collection>
